00895nam a2200253 a 450000100060000000300080000600500170001400800410003102000220007202000220009403500190011604000270013504100080016208200220017024500760019226000510026830000260031950400510034560000400039670000310043694200120046799900170047995201450049656544BD-RjUL20211209080417.0960701s1998 nyu b 001 0 eng  a0521452783 (hbk.) a0521459060 (pbk.) a(BD-RjUL)56668 aDLCcDLCdBD-RjULbeng aeng00a191223bCAM 199804aThe Cambridge companion to William James /cedited by Ruth Anna Putnam. aNew York :bCambridge University Press,c1997. axii, 406 p. ;c24 cm. aIncludes bibliographical references and index.10aJames, William,d1842-1910.91382981 aPutnam, Ruth Anna.9168158 2ddccBK c56544d56544 00102ddc40718NFICaRUCLbRUCLcRared2000-08-05ekarim Internationalg3060.00l0o191 CAM 1998r2016-12-01 00:00:00tC-1w2016-12-01yBK